| 000 | 00919nam a2200301 a 4500 | ||
|---|---|---|---|
| 001 | 6372 | ||
| 003 | BD-RjUL | ||
| 005 | 20211208234230.0 | ||
| 008 | 110114s1987 ii b 001 0 eng | ||
| 020 | _a8170240816 : | ||
| 035 | _a(BD-RjUL) | ||
| 040 |
_aDLC _cDLC _dDLC _beng |
||
| 041 | _aeng | ||
| 082 | 0 | 0 |
_a382.0954 _219 _bSAR 1987 |
| 100 | 1 |
_aSaxena, Usha, _d1957- _920074 |
|
| 245 | 1 | 0 |
_aRole of multinationals in India's foreign trade / _cUsha Saxena. |
| 250 | _a1st ed. | ||
| 260 |
_aNew Delhi : _bAshish Pub. House, _c1987. |
||
| 300 |
_axx, 237 p. ; _c23 cm. |
||
| 500 | _aRevision of the author's thesis (Ph. D.--Lucknow University, Lucknow, 1986) | ||
| 500 | _aIncludes index. | ||
| 504 | _aBibliography: p. [222]-233. | ||
| 650 | 0 |
_aInternational business enterprises _zIndia. _920075 |
|
| 651 | 0 |
_aIndia _xCommerce. _98891 |
|
| 942 |
_2ddc _cBK |
||
| 999 |
_c6372 _d6372 |
||